Responses for Show #3838 - Wednesday, April 18, 2001

Larry Cloud game 5.

Contestants

[<< previous game]

Jesse Lamovsky, a call center representative from Kent, Ohio

Jill Whitehead, a graduate student from Natchitoches, Louisiana

Larry Cloud, a computer consultant from Inglewood, California (whose 4-day cash winnings total $52,300)

[next game >>]

Jeopardy! Round responses

TEENS IN LITERATURE
ILLEGALITIES
GOING IN FOR THE KRILL
HOLLYWOOD
MISC.
STATE OF "GRACE"
    $100 22
Pride and Prejudice

Larry
    $100 21
jaywalkers

Jill
    $100 1
shrimp

Larry
    $100 16
W.C. Fields

Larry
    $100 6
lobster

Larry
    $100 10
Graceland

Larry
    $200 27
Heathcliff

Larry
    $200 23
loitering

Larry
    $200 2
squid

Larry
    $200 17
Judy Garland

Jill
    $200 7
the grass

Larry
    $200 11
Grace Kelly

Jill
    $300 28
Truman Capote

Larry
    $300 24
indecent

Jesse
    $300 3
(Jesse: What is the blue whale?)

the cod

Jesse
Triple Stumper
    $300 18
James Cagney

Jill
    $300 8
Place in Massachusetts

Triple Stumper
    $300 12
the grace of God

Larry
    $1,000 29
East of Eden

Larry
    $400 25
desecration

Larry
    $400 4
baleen

Larry
    $400 19
It Happened One Night (Clark Gable)

Larry
    $400 9
Candy bars

Jesse
    $400 13
Grace Slick

Jill
    $500 30
The Heart Is a Lonely Hunter

Triple Stumper
    $500 26
tax evasion

Jill
    $500 5
the right whale

Larry
    $500 20
(Jesse: Who was Jean Harlow?)

Carole Lombard (who at the time was married to Clark Gable)

LarryJesse
    $500 15
roller skates

Jill
    $500 14
Will & Grace

Larry

Scores at the first commercial break (after clue 15):

Larry Jill Jesse
$2,400 $1,100 $100

Scores at the end of the Jeopardy! Round:

Larry Jill Jesse
$5,600 $2,200 -$100

Double Jeopardy! Round responses

THE NEW YORK TIMES HEADLINES
LET'S GET MOVING
B-BOYS
LOUIS ARMSTRONG
"EURO"TALK
STATE OF CONFUSION
    $200 11
William McKinley

Larry
    $200 16
Nuclear power

Larry
    $200 6
Menachem Begin

Jill
    $200 24
Trumpet

Larry
    $200 21
Eurocentric

Larry
    $200 1
(L: What is Louisiana?)

Florida

LarryJesse
    $400 12
Statue of Liberty

Jesse
    $400 17
Cab

Larry
    $400 7
Gary Burghoff

Triple Stumper
    $400 26
"Satchmo"

Jill
    $400 22
Eurotrash

Jill
    $400 2
California

Jesse
    $2,000 13
October, 1929

Jesse
    $600 18
Power Boat

Larry
    $600 8
Steven Bochco

Jill
    $600 27
Scat singing

Larry
    $600 23
Eurocrats

Triple Stumper
    $600 3
Tennessee

Jesse
    $800 14
Nikita Khrushchev

Larry
    $2,600 19
Airbus

Larry
    $800 9
Jeff Bridges

Jesse
    $800 28
New Orleans

Larry
    $800 25
(less than a minute to go, Larry...)

Eurostar

Triple Stumper
    $800 4
Michigan

Jesse
    $1000 15
Dr. Barney Clark

Triple Stumper
    $1000 20
Cobra

Larry
    $1000 10
Chief Mangosuthu Buthelezi

Jesse
    $1000 29
"Ain't Misbehavin'"

Triple Stumper
    $1000 30
Europium

Jill
    $1000 5
West Virginia

Jill

Scores at the end of the Double Jeopardy! Round:

Larry Jill Jesse
$13,000 $5,800 $6,100
(lock game)

[wagering suggestions for these scores]

Final Jeopardy! Round responses

WORLD RELIGION
(Alex: Larry, have you made a selection of a vehicle?)
(Larry: I'd like for my wife & I to have the his & her Camaros?)
(Alex: Is she going to get the convertible?)
(Larry: We'll see!)
JillWho is Buddha?
$5,799
JesseWho is Buddha
$6,099
LarryWho is Vishnu?
$800
Vishnu

Final scores:

Larry Jill Jesse
$13,800 $1 $1
5-day champion: $66,100 3rd place: Panasonic PalmCam Digital Camera 2nd place: Trip to Spice Island Beach Resort, Grenada

Game dynamics:

Coryat scores:

Larry Jill Jesse
$10,600 $5,800 $4,700
29 R
(including 2 DDs),
1 W
13 R,
0 W
10 R
(including 1 DD),
2 W

Combined Coryat: $21,100

[game clues] [game scores] [suggest correction]

Game tape date: 2001-01-31
The J! Archive is created by fans, for fans. Scraping, republication, monetization, and malicious use prohibited; this site may use cookies and collect identifying information. See terms. The Jeopardy! game show and all elements thereof, including but not limited to copyright and trademark thereto, are the property of Jeopardy Productions, Inc. and are protected under law. This website is not affiliated with, sponsored by, or operated by Jeopardy Productions, Inc. Join the discussion at JBoard.tv.